Training and development : (Record no. 9880)

MARC details
000 -LEADER
fixed length control field 01021nam a22003377i 4500
001 - CONTROL NUMBER
control field 17023304
003 - CONTROL NUMBER IDENTIFIER
control field URS
005 - DATE AND TIME OF LATEST TRANSACTION
control field 20251001091328.0
008 - FIXED-LENGTH DATA ELEMENTS--GENERAL INFORMATION
fixed length control field 111027s2013 maua 000 0 eng
020 ## - INTERNATIONAL STANDARD BOOK NUMBER
International Standard Book Number 9780205006120
020 ## - INTERNATIONAL STANDARD BOOK NUMBER
International Standard Book Number 0205006124
040 ## - CATALOGING SOURCE
Original cataloging agency DLC
Description conventions rda
Transcribing agency URS
Modifying agency DLC
Language of cataloging eng
050 14 - LIBRARY OF CONGRESS CALL NUMBER
Classification number LB1027.47
Item number B3916 2013
100 1# - MAIN ENTRY--PERSONAL NAME
Personal name Beebe, Steven A.,
Dates associated with a name 1950-
245 10 - TITLE STATEMENT
Title Training and development :
Remainder of title communicating for success /
Statement of responsibility, etc. Steven A. Beebe, Timothy P. Mottet, K. David Roach.
250 ## - EDITION STATEMENT
Edition statement Second edition
264 #1 - PRODUCTION, PUBLICATION, DISTRIBUTION, MANUFACTURE, AND COPYRIGHT NOTICE
Place of production, publication, distribution, manufacture Boston :
Name of producer, publisher, distributor, manufacturer Pearson,
Date of production, publication, distribution, manufacture, or copyright notice [2013]
264 #4 - PRODUCTION, PUBLICATION, DISTRIBUTION, MANUFACTURE, AND COPYRIGHT NOTICE
Date of production, publication, distribution, manufacture, or copyright notice ©2013
300 ## - PHYSICAL DESCRIPTION
Extent xv, 321 pages :
Other physical details illustrations ;
Dimensions 24 cm
336 ## - CONTENT TYPE
Content type term text
Content type code txt
Source rdacontent
337 ## - MEDIA TYPE
Media type term unmediated
Media type code n
Source rdamedia
338 ## - CARRIER TYPE
Carrier type term volume
Carrier type code nc
Source rdacarrier
504 ## - BIBLIOGRAPHY, ETC. NOTE
Bibliography, etc. note Includes bibliographical references and index.
526 ## - STUDY PROGRAM INFORMATION NOTE
Program name GEN-ED
650 #0 - SUBJECT ADDED ENTRY--TOPICAL TERM
Topical term or geographic name entry element Training.
650 #0 - SUBJECT ADDED ENTRY--TOPICAL TERM
Topical term or geographic name entry element Communication.
650 #0 - SUBJECT ADDED ENTRY--TOPICAL TERM
Topical term or geographic name entry element Leadership.
700 1# - ADDED ENTRY--PERSONAL NAME
Personal name Mottet, Timothy P.
Relator term author
700 1# - ADDED ENTRY--PERSONAL NAME
Personal name Roach, K. David
Relator term author
942 ## - ADDED ENTRY ELEMENTS (KOHA)
Source of classification or shelving scheme Library of Congress Classification
Koha item type Foreign Books
Holdings
Withdrawn status Source of classification or shelving scheme Damaged status Not for loan Collection code Home library Current library Shelving location Date acquired Source of acquisition Cost, normal purchase price Total Checkouts Full call number Barcode Date last seen Price effective from Koha item type
  Library of Congress Classification     Non-fiction Tanay College Library Tanay College Library Reserve Section 01/22/2016 Purchase 3655.00   LB1027.47 B3916 2013 URSTAN-N2092 12/06/2018 01/22/2016 Foreign Books

University of Rizal System
Email us at univlibservices@urs.edu.ph

Visit our Website www.urs.edu.ph/library